000 00260nam a22000977a 4500
008 221103b |||||||| |||| 00| 0 eng d
020 _a9789388969725
100 _aAnderson Christian Hans
_97611
245 _aFairy Tales
260 _aNew Delhi
_bPrakash Books
_c2019
999 _c12120
_d12120